000
00272nam a2200121 a 4500
008
101025s1962|||| d
100
1
_a
Markov, Georgij
245
1
0
_a
Soľ Zeme
260
_b
Osveta
_a
Bratislava
_c
1962
041
_a
slo
044
_a
xo
_c
SK
020
_c
24,90
999
_c
12201
_d
12201